| 000 | 00607nam a2200193Ia 4500 | ||
|---|---|---|---|
| 008 | 151121s9999||||xx |||||||||||||| ||und|| | ||
| 082 | _a812/काळे | ||
| 082 | _bHNW-34773 | ||
| 100 | _aकाळे विमल | ||
| 245 | _aभूमीला भार | ||
| 260 | _b"जोशी ब्रदर्स बुकसेलर्स & पब्लि।, पुणे" | ||
| 260 | _c-- | ||
| 300 | _a45 | ||
| 600 | _aकाळे विमल | ||
| 630 | _aभूमीला भार | ||
| 700 | _aकाळे विमल | ||
| 730 | _aभूमीला भार | ||
| 942 | _cBOOK | ||
| 999 |
_c1227585 _d1227582 |
||